000 00357nam a2200145Ia 4500
008 221007s9999 xx 000 0 und d
041 _aeng
082 _bMIR
100 _aMirasdar R K (2k61032)
_9102119
245 _aNew Product Viability Study
260 _c2008
_bPune University
_aPimpri
300 _a66p
520 _aMamarde R K
906 _bGeneral
999 _c69277
_d69277